Luther and Erasmus : (Record no. 6349)

MARC details
000 -LEADER
fixed length control field 01597cam a2200433Ia 4500
001 - CONTROL NUMBER
control field 57467393
003 - CONTROL NUMBER IDENTIFIER
control field OCoLC
005 - DATE AND TIME OF LATEST TRANSACTION
control field 20190116181030.0
008 - FIXED-LENGTH DATA ELEMENTS--GENERAL INFORMATION
fixed length control field 050121s1969 pau b 001 0 eng d
010 ## - LIBRARY OF CONGRESS CONTROL NUMBER
LC control number 76079870
020 ## - INTERNATIONAL STANDARD BOOK NUMBER
International Standard Book Number 0664241581
020 ## - INTERNATIONAL STANDARD BOOK NUMBER
International Standard Book Number 9780664241582
035 ## - SYSTEM CONTROL NUMBER
System control number .b36449064
040 ## - CATALOGING SOURCE
Original cataloging agency UNA
Transcribing agency UNA
Modifying agency OCLCQ
-- BAKER
-- OCLCQ
-- OSU
041 1# - LANGUAGE CODE
Language code of text/sound track or separate title eng
Language code of original lat
049 ## - LOCAL HOLDINGS (OCLC)
Holding library OSUU
050 #4 - LIBRARY OF CONGRESS CALL NUMBER
Classification number BJ1460
Item number .L813 1978
082 04 - DEWEY DECIMAL CLASSIFICATION NUMBER
Classification number 234.9
Item number L973l
090 ## - LOCALLY ASSIGNED LC-TYPE CALL NUMBER (OCLC); LOCAL CALL NUMBER (RLIN)
Classification number (OCLC) (R) ; Classification number, CALL (RLIN) (NR) BR45
Local cutter number (OCLC) ; Book number/undivided call number, CALL (RLIN) .L5
090 ## - LOCALLY ASSIGNED LC-TYPE CALL NUMBER (OCLC); LOCAL CALL NUMBER (RLIN)
Classification number (OCLC) (R) ; Classification number, CALL (RLIN) (NR) BR45
Local cutter number (OCLC) ; Book number/undivided call number, CALL (RLIN) .L5
100 1# - MAIN ENTRY--PERSONAL NAME
Personal name Luther, Martin,
Dates associated with a name 1483-1546
240 10 - UNIFORM TITLE
Uniform title De servo arbitrio.
Language of a work English
245 10 - TITLE STATEMENT
Title Luther and Erasmus :
Remainder of title free will and salvation
Statement of responsibility, etc. editted by E. Gordon Rupp and Philip S. Watson.
250 ## - EDITION STATEMENT
Edition statement Ichthus ed
260 ## - PUBLICATION, DISTRIBUTION, ETC.
Place of publication, distribution, etc. Philadelphia :
Name of publisher, distributor, etc. Westminster Press,
Date of publication, distribution, etc. 1969
300 ## - PHYSICAL DESCRIPTION
Extent xiv, 348 p. ;
Dimensions 24 cm
490 1# - SERIES STATEMENT
Series statement The Library of Christian classics ;
Volume/sequential designation v. 17
500 ## - GENERAL NOTE
General note "Erasmus: De libero arbitrio, translated and edited by E. Gordon Rupp, in collaboration with A.N. Marlow."
500 ## - GENERAL NOTE
General note "Luther: De servo arbitrio, translated and edited by Philip S. Watson, in collaboration with B. Drewery."
504 ## - BIBLIOGRAPHY, ETC. NOTE
Bibliography, etc. note Includes bibliographical references and indexes
650 #0 - SUBJECT ADDED ENTRY--TOPICAL TERM
Topical term or geographic name entry element Free will and determinism
700 1# - ADDED ENTRY--PERSONAL NAME
Personal name Rupp, E. Gordon
Fuller form of name (Ernest Gordon),
Dates associated with a name 1910-1986
700 1# - ADDED ENTRY--PERSONAL NAME
Personal name Marlow, A. N
700 1# - ADDED ENTRY--PERSONAL NAME
Personal name Watson, Philip S.
Fuller form of name (Philip Saville),
Dates associated with a name 1909-1983
700 1# - ADDED ENTRY--PERSONAL NAME
Personal name Drewery, Benjamin
700 1# - ADDED ENTRY--PERSONAL NAME
Personal name Erasmus, Desiderius,
Dates associated with a name -1536.
Title of a work De libero arbitrio diatribe.
Language of a work English
830 #0 - SERIES ADDED ENTRY--UNIFORM TITLE
Uniform title Library of Christian classics (Philadelphia, Pa.) ;
Volume/sequential designation v. 17
942 ## - ADDED ENTRY ELEMENTS (KOHA)
Source of classification or shelving scheme Dewey Decimal Classification
Koha item type Books
Holdings
Withdrawn status Lost status Source of classification or shelving scheme Damaged status Not for loan Collection code Home library Current library Shelving location Date acquired Cost, normal purchase price Total Checkouts Full call number Barcode Date last seen Price effective from Koha item type
    Dewey Decimal Classification     Non-fiction Harvest Mission College Harvest Mission College General Stacks 16.01.2019 250.00   234.9 L973l 007121 16.01.2019 16.01.2019 Books

OPAC Designed and Maintained by HMC Library Team.
Copyright © HMC Library,Greater Noida, UP.
For any Suggestions/Query Contact library via Email:libhmc@gmail.com